000 00449cam a2200181ua 4500
020 _c6.00
041 _aeng
_h
082 _a621.815
_bSHA/SO
100 _aShahane, .
245 _aSolutions of problems in theory of machines /
_cShahane.
_hTextual Documents
250 _a1 /
_b.
260 _aBombay :
_bEngineering book company ,
_c1951.
300 _a229 ; .
365 _a6.00
504 _a
942 _cBK
999 _c3167
_d3167